Aventuras & novatadas de una madre primeriza : (Record no. 126756)

MARC details
000 -LEADER
campo de control de longitud fija 01489nam a22002417a 4500
003 - IDENTIFICADOR DE NÚMERO DE CONTROL
campo de control BJBSDDR
005 - FECHA Y HORA DE LA ÚLTIMA TRANSACCIÓN
campo de control 20260409121324.0
007 - CAMPO FIJO DE DESCRIPCIÓN FÍSICA--INFORMACIÓN GENERAL
campo de control de longitud fija ta
008 - DATOS DE LONGITUD FIJA--INFORMACIÓN GENERAL
campo de control de longitud fija 260409s2015 ||||| |||| 00| 0 spa d
020 ## - NÚMERO INTERNACIONAL ESTÁNDAR DEL LIBRO
Número Internacional Estándar del Libro 9789945082661
020 ## - NÚMERO INTERNACIONAL ESTÁNDAR DEL LIBRO
Número Internacional Estándar del Libro 9945082663
040 ## - FUENTE DE CATALOGACIÓN
Lengua de catalogación spa
Centro/agencia transcriptor BJBSDDR
041 ## - CÓDIGO DE IDIOMA
Código de lengua del texto/banda sonora o título independiente spa
050 ## - SIGNATURA TOPOGRÁFICA DE LA BIBLIOTECA DEL CONGRESO
Número de ítem B142 2015
100 1# - ENTRADA PRINCIPAL--NOMBRE DE PERSONA
Fechas asociadas al nombre Báez-Rossi, Kirine
9 (RLIN) 47855
245 10 - MENCIÓN DEL TÍTULO
Título Aventuras & novatadas de una madre primeriza :
Resto del título consejos prácticos para el desarrollo saludable de tu bebé /
Mención de responsabilidad, etc. Kirine Báez-Rossi
250 ## - MENCION DE EDICION
Mención de edición Primera edición
260 ## - PUBLICACIÓN, DISTRIBUCIÓN, ETC.
Lugar de publicación, distribución, etc. San Juan, Puerto Rico :
Nombre del editor, distribuidor, etc. KIRINE BAEZ-ROSSI
Fecha de publicación, distribución, etc. 2015
300 ## - DESCRIPCIÓN FÍSICA
Extensión 123 páginas :
Otras características físicas ilustraciones ;
Dimensiones 22 cm
520 ## - RESUMEN, ETC.
Sumario, etc. En Aventuras y novatadas de una madre primeriza las lectoras encontrarán respuestas y herramientas esenciales que les guiarán en el desarrollo saludable del bebé, desde el nacimiento hasta los dos años. De manera concisa, el libro presenta consejos prácticos sobre cuidado pregestacional, cuidado pediátrico, lactancia, desarrollo socioemocional y estimulación temprana. En un estilo ameno, la autora intercala narraciones de carácter vivencial con las recomendaciones que recogió de más de una docena de especialistas pediátricos, entre ellos, ginecólogos, pediatras, sicólogos y expertos en desarrollo infantil. A través de las anécdotas de la autora, las lectoras podrán identificarse con los traspiés, aciertos y desafíos propios de la maternidad.
942 ## - ELEMENTOS DE ENTRADA SECUNDARIOS (KOHA)
Fuente del sistema de clasificación o colocación Clasificación de Library of Congress
Suprimir en OPAC No
Tipo de ítem Koha Libro
946 ## - PROCESAMIENTO DE INFORMACIÓN LOCAL (OCLC)
Iniciales del agente catalogador cmc
Holdings
Estatus retirado Estado de pérdida Fuente del sistema de clasificación o colocación Estado de daño No para préstamo Colección Biblioteca de origen Biblioteca actual Ubicación en estantería Fecha de adquisición Signatura topográfica completa Código de barras Visto por última vez Copia número Tipo de ítem Koha
    Clasificación de Library of Congress     Automatización y Procesos Técnicos Biblioteca Juan Bosch Biblioteca Juan Bosch Automatización y Procesos Técnicos (1er. Piso) 09/04/2026 B142 2015 00000198922 09/04/2026 1 Libro